Natural gas processing : (Record no. 21153)
[ view plain ]
| 000 -LEADER | |
|---|---|
| fixed length control field | 00835cam a22002535a 4500 |
| 001 - CONTROL NUMBER | |
| control field | 18142148 |
| 005 - DATE AND TIME OF LATEST TRANSACTION | |
| control field | 20201128023633.0 |
| 008 - FIXED-LENGTH DATA ELEMENTS--GENERAL INFORMATION | |
| fixed length control field | 140507t2014 ne a frbd 001 0 eng d |
| 020 ## - INTERNATIONAL STANDARD BOOK NUMBER | |
| International Standard Book Number | 9780080999715 |
| 040 ## - CATALOGING SOURCE | |
| Original cataloging agency | DLC |
| Language of cataloging | eng |
| Transcribing agency | DLC |
| Modifying agency | DLC |
| -- | EG-ScBUE |
| 082 04 - DEWEY DECIMAL CLASSIFICATION NUMBER | |
| Classification number | 665.73 |
| Edition number | 22 |
| Item number | BAH |
| 100 1# - MAIN ENTRY--PERSONAL NAME | |
| Personal name | Bahadori, Alireza. |
| 9 (RLIN) | 39353 |
| 245 10 - TITLE STATEMENT | |
| Title | Natural gas processing : |
| Remainder of title | technology and engineering design / |
| Statement of responsibility, etc | Alireza Bahadori. |
| 260 ## - PUBLICATION, DISTRIBUTION, ETC. (IMPRINT) | |
| Place of publication, distribution, etc | Waltham ; |
| -- | Oxford : |
| Name of publisher, distributor, etc | Gulf Professional Publishing / Elsevier, |
| Date of publication, distribution, etc | c.2014. |
| 300 ## - PHYSICAL DESCRIPTION | |
| Extent | xx, 872 p. : |
| Other physical details | ill. ; |
| Dimensions | 25 cm. |
| 500 ## - GENERAL NOTE | |
| General note | Glossary : p. 841-851. |
| 500 ## - GENERAL NOTE | |
| General note | Index : p. 853-872. |
| 504 ## - BIBLIOGRAPHY, ETC. NOTE | |
| Bibliography, etc | Includes bibliographical references. |
| 650 #7 - SUBJECT ADDED ENTRY--TOPICAL TERM | |
| Topical term or geographic name as entry element | Natural gas. |
| Source of heading or term | BUEsh |
| 9 (RLIN) | 2670 |
| 650 #7 - SUBJECT ADDED ENTRY--TOPICAL TERM | |
| Topical term or geographic name as entry element | Chemical processes. |
| Source of heading or term | BUEsh |
| 9 (RLIN) | 5532 |
| 651 ## - SUBJECT ADDED ENTRY--GEOGRAPHIC NAME | |
| Source of heading or term | BUEsh |
| 653 ## - INDEX TERM--UNCONTROLLED | |
| Resource For college | Engineering, Chemical |
| Arrived date list | February2016 |
| 942 ## - ADDED ENTRY ELEMENTS (KOHA) | |
| Source of classification or shelving scheme | Dewey Decimal Classification |
| Withdrawn status | Item status | Source of classification or shelving scheme | Damaged status | Not for loan | Vendor | Home library | Current library | Shelving location | Date acquired | Source of acquisition | Cost, normal purchase price | Serial Enumeration / chronology | Total Checkouts | Total Renewals | Full call number | Barcode | Checked out | Date last seen | Date last borrowed | Cost, replacement price | Koha item type |
|---|---|---|---|---|---|---|---|---|---|---|---|---|---|---|---|---|---|---|---|---|---|
| Dewey Decimal Classification | Academic Bookshop | Central Library | Central Library | First floor | 15/02/2016 | Purchase | 1500.00 | 4859 | 4 | 16 | 665.73 BAH | 000031554 | 26/02/2020 | 05/03/2019 | 05/03/2019 | 11875.00 | Book - Borrowing |